000 00768nam a2200205Ia 4500
003 GCL
008 140319s9999 xx 000 0 ara d
020 _a9197339953
040 _aGCL /
_cGCL
082 0 4 _a620.003
_bا م
100 1 _aاحمد شفيق الخطيب
245 1 0 _aمعجم المصطلحات العلمية والفنية والهندسية الجديد :
_bمجلد 1 انجليزى - عربى \ مجلد 2 عربى - انجليزى /
_cاحمد شفيق الخطيب
250 _aالاولى
260 _aبيروت :
_bمكتبة لبنان ناشرون ،
_c2003
300 _aمتعدد ؛
_c32 سم
650 0 4 _aالهندسة
650 0 4 _aالمعاجم المتخصصة
650 0 4 _aالهندسة - معاجم
942 _2ddc
_cBK
999 _c6187
_d6187